| Tag |
First Indicator |
Second Indicator |
Subfields |
| LEADER |
00000cam a2200000Ii 4500 |
| 001 |
in00004020122 |
| 005 |
20180718090048.0 |
| 008 |
170904t20172017enka b 001 0 eng d |
| 020 |
|
|
|a 1526711664
|
| 020 |
|
|
|a 9781526711663
|
| 035 |
|
|
|a (OCoLC)on1002458021
|
| 040 |
|
|
|a YDX
|e rda
|c YDX
|d BWK
|d BDX
|d UAB
|d UtOrBLW
|
| 043 |
|
|
|a e-uk---
|
| 049 |
|
|
|a TXAM
|
| 050 |
|
4 |
|a D771
|b .E373 2017
|
| 082 |
0 |
|
|a 940.5'45941
|2 23
|
| 100 |
1 |
|
|a Edwards, Bernard,
|d 1926-
|e author.
|0 http://id.loc.gov/authorities/names/n87912302
|
| 245 |
1 |
0 |
|a Churchill's thin grey line :
|b British merchant ships at war, 1939-1945 /
|c Bernard Edwards.
|
| 264 |
|
1 |
|a Barnsley, South Yorkshire, England :
|b Pen & Sword Maritime,
|c [2017]
|
| 264 |
|
4 |
|c ©2017
|
| 300 |
|
|
|a 235 pages, 8 unnumbered pages of plates :
|b illustrations ;
|c 25 cm.
|
| 336 |
|
|
|a text
|b txt
|2 rdacontent
|
| 337 |
|
|
|a unmediated
|b n
|2 rdamedia
|
| 338 |
|
|
|a volume
|b nc
|2 rdacarrier
|
| 504 |
|
|
|a Includes bibliographical references (pages [225]-226) and index.
|
| 505 |
0 |
|
|a 1.
|t Curtain Up -- Athenia 03.09.39 --
|g 2.
|t The Gentleman Pirate -- Royal Sceptre 05.09.39 --
|g 3.
|t The Honeymoon Continues -- Cheyenne 15.09.39 --
|g 4.
|t The Gloves Come Off -- Abukir 28.05.40 --
|g 5.
|t Second Time Unlucky -- Clan Macphee 16.08.40 --
|g 6.
|t The Jolly Boat -- Anglo Saxon 21.08.40 --
|g 7.
|t A Tramp Hits Back -- Newton Pine 13.12.40 --
|g 8.
|t Return to War -- Otaio 28.08.41 --
|g 9.
|t Beyond Capricorn -- Kirkpool 10.04.42 --
|g 10.
|t A Meeting by Moonlight -- Athelknight 27.05.42 --
|g 11.
|t The Winston Special -- Clan Ferguson 12.08.42 --
|g 12.
|t Voyage not Completed -- Viking Star 25.08.42 --
|g 13.
|t Voices from the Past -- Peterton 17.09.42 --
|g 14.
|t Pastures New -- Aldington Court 31.10.42 --
|g 15.
|t The Fleet Oiler -- Scottish Heather 27.12.42 --
|g 16.
|t The Exile -- Congella 21.10.43 --
|g 17.
|t OHMS -- Fort Buckingham 20.01.44 --
|g 18.
|t Convoy to Russia -- Fort Bellingham 26.01.44 --
|g 19.
|t Death on the Equator -- Khedive Ismail 12.02.44.
|
| 520 |
|
|
|a The first British casualties of the Second World War were not members of either the Royal Navy, the Army or the Royal Air Force but British merchant seamen on the liner Athenia, torpedoed by U-30 on 3 September 1939. For the duration of the War Britain s merchant fleet performed a vital role, carrying the essential supplies that kept the country running during the darkest days and then made victory possible. Their achievements came at a terrible cost with 2,535 British ocean-going merchant ships being sunk and, of the 185,000 men and women serving in the British Merchant Navy at the time, 36,749 sacrificed their lives. A further 4,707 were wounded and 5,720 ended up in prisoner of war camps. Their casualty rate of 25 percent was second only to RAF Bomber Command. Using casebook examples, this well researched book tells the inspiring story of those brave civilian volunteers who fought so gallantly to defend their ships and the cargoes.
|
| 600 |
1 |
0 |
|a Churchill, Winston,
|d 1874-1965.
|0 http://id.loc.gov/authorities/names/n78085430
|
| 650 |
|
0 |
|a World War, 1939-1945
|x Naval operations, British.
|0 http://id.loc.gov/authorities/subjects/sh2008113837
|
| 650 |
|
0 |
|a Merchant marine
|z Great Britain
|x History
|y 20th century.
|
| 945 |
|
|
|b 549582
|
| 947 |
|
|
|a A14850518631
|
| 948 |
|
|
|a cataloged
|b h
|c 2018/5/8
|d c
|e dmitchel
|f 10:10:10 am
|
| 994 |
|
|
|a 92
|b TXA
|
| 999 |
f |
f |
|s 39afda84-4116-35b9-bba5-cc923ef675b3
|i c4ec0346-3e8a-352e-ae8a-0bc55524da33
|t 0
|
| 952 |
f |
f |
|p normal
|a Texas A&M University
|b College Station
|c Sterling C. Evans Library
|d Evans: Library Stacks
|t 0
|e D771 .E373 2017
|h Library of Congress classification
|i unmediated -- volume
|m A14850518631
|
| 998 |
f |
f |
|a D771 .E373 2017
|t 0
|l Evans: Library Stacks
|